Normal view
MARC view
Entry Personal Name
001 - CONTROL NUMBER
- control field: 1845
003 - CONTROL NUMBER IDENTIFIER
- control field: ARRUPE
005 - DATE AND TIME OF LATEST TRANSACTION
- control field: 20131001134505.0
008 - FIXED-LENGTH DATA ELEMENTS
- fixed length control field: 131001|| aca||aabn | a|a d
040 ## - CATALOGING SOURCE
- Original cataloging agency: ARRUPE
- Transcribing agency: ARRUPE
100 ## - HEADING--PERSONAL NAME
- Personal name: Bailyn, Bernard.
670 ## - SOURCE DATA FOUND
- Source citation: Work cat.: (ARRUPE)0: Bailyn, Bernard., On the teaching and writing of history :, c1994.